Oceanian Shape to Flag Click Quiz - Statistics

General Stats
  • This quiz has been taken 600 times
  • The average score is 9 of 14
Answer Stats
Hint Answer % Correct
89%
88%
86%
65%
64%
63%
61%
58%
57%
53%
51%
49%
40%
39%
No matching quizzes found
Score Distribution
Percent of People with Each Score
Percentile by Number Answered
Your Score History
You have not taken this quiz